[Event "Barcelona Sant Marti op-B 24th"]
[Site "Barcelona"]
[Date "2024.07.17"]
[Round "5"]
[White "Grammatico, Mauro"]
[Black "Marzo Ruiz, Xavier"]
[Result "1-0"]
[WhiteElo "1738"]
[BlackElo "1626"]
[PlyCount "87"]
[EventDate "2024.07.13"]
[EventType "swiss"]
[EventRounds "9"]
[EventCountry "ESP"]
[SourceTitle "EXT 2025"]
[Source "ChessBase"]
[SourceDate "2024.10.14"]
[SourceVersion "1"]
[SourceVersionDate "2024.10.14"]
[SourceQuality "1"]

1. e4 e6 2. d4 d5 3. e5 c5 4. c3 Qb6 5. a3 c4 6. Nd2 Nc6 7. b4 f6 8. f4 Be7 9. Ngf3 Nh6 10. Be2 Bd7 11. 0-0 Nf7 12. Kh1 0-0 13. Qe1 a5 14. Bb2 Rfc8 15. Qg3 axb4 16. axb4 Na7 17. exf6 Bxf6 18. Ne5 Qd8 19. Bh5 Be8 20. Bg4 Qe7 21. Qh3 Bxe5 22. fxe5 Bd7 23. Nf3 Nb5 24. Qg3 Nc7 25. Qf2 Rf8 26. Qc2 Ng5 27. Nxg5 Rxf1+ 28. Rxf1 Qxg5 29. Bf3 Ba4 30. Qf2 Rf8 31. Re1 b5 32. Qe2 Qf5 33. Kg1 Na6 34. Bg4 Qg6 35. Bc1 Nb8 36. Be3 Nc6 37. h4 Kh8 38. h5 Qe8 39. Rf1 Rxf1+ 40. Qxf1 Nd8 41. Bg5 Nf7 42. Be3 Bc2 43. h6 g6 44. Qf6+ 1-0

[Event "Foment Martinenc op-C 24th"]
[Site "Barcelona"]
[Date "2024.04.20"]
[Round "1"]
[White "Rodriguez Lopez, Yeray"]
[Black "Marzo Ruiz, Xavier"]
[Result "1/2-1/2"]
[WhiteElo "1700"]
[BlackElo "1622"]
[PlyCount "57"]
[EventDate "2024.04.20"]
[EventType "swiss"]
[EventRounds "9"]
[EventCountry "ESP"]
[SourceTitle "CBM 220 Extra"]
[Source "ChessBase"]
[SourceDate "2024.07.31"]
[SourceVersion "1"]
[SourceVersionDate "2024.07.31"]
[SourceQuality "1"]

1. e4 e6 2. d4 d5 3. e5 c5 4. c3 Qb6 5. Nf3 Nc6 6. Be2 cxd4 7. cxd4 Nge7 8. 0-0 Nf5 9. Qa4 Bd7 10. Bb5 a6 11. Bd3 Ncxd4 12. Qd1 Bc5 13. Nxd4 Bxd4 14. Qe2 0-0 15. Nd2 Rac8 16. Nb3 Rc6 17. Nxd4 Nxd4 18. Qh5 g6 19. Qg5 Qd8 20. Qh6 Nf5 21. Bxf5 exf5 22. Bg5 f6 23. Bxf6 Rfxf6 24. exf6 Qxf6 25. Qd2 Be6 26. Rac1 Rb6 27. b3 Qd8 28. Rc5 Rd6 29. Rfc1 1/2-1/2

[Event "Foment Martinenc op-C 23rd"]
[Site "Barcelona"]
[Date "2023.05.13"]
[Round "4"]
[White "Vilarasau Garrido, Joan"]
[Black "Marzo Ruiz, Xavier"]
[Result "1-0"]
[WhiteElo "1072"]
[BlackElo "1346"]
[PlyCount "73"]
[EventDate "2023.04.22"]
[EventType "swiss"]
[EventRounds "9"]
[EventCountry "ESP"]
[SourceTitle "EXT 2024"]
[Source "ChessBase"]
[SourceDate "2023.10.10"]
[SourceVersion "1"]
[SourceVersionDate "2023.10.10"]
[SourceQuality "1"]

1. e4 Nf6 2. Nc3 d6 3. Bc4 g6 4. d3 Bg7 5. Nf3 Nc6 6. 0-0 0-0 7. Be3 Na5 8. Bd4 e5 9. Be3 Nxc4 10. dxc4 Be6 11. c5 d5 12. Bg5 dxe4 13. Qxd8 Raxd8 14. Bxf6 exf3 15. Bxd8 fxg2 16. Rfd1 Bg4 17. Be7 Re8 18. Rd8 Rxd8 19. Bxd8 Bf3 20. Bxc7 e4 21. Re1 f5 22. Ne2 Bxb2 23. Ba5 Ba3 24. Nd4 Bg4 25. h3 Bxh3 26. c3 Bxc5 27. Rb1 f4 28. Rxb7 e3 29. Bb4 Bxd4 30. cxd4 e2 31. Re7 f3 32. Re3 Bg4 33. d5 Kf7 34. Re7+ Kg8 35. d6 a5 36. d7 e1Q+ 37. Bxe1 1-0

[Event "Foment Martinenc op-C 23rd"]
[Site "Barcelona"]
[Date "2023.04.22"]
[Round "1"]
[White "Marzo Ruiz, Xavier"]
[Black "Teplytska, Yeva"]
[Result "1-0"]
[WhiteElo "1346"]
[BlackElo "1294"]
[PlyCount "77"]
[EventDate "2023.04.22"]
[EventType "swiss"]
[EventRounds "9"]
[EventCountry "ESP"]
[SourceTitle "EXT 2024"]
[Source "ChessBase"]
[SourceDate "2023.10.10"]
[SourceVersion "1"]
[SourceVersionDate "2023.10.10"]
[SourceQuality "1"]

1. c4 e5 2. Nc3 Nc6 3. g3 a6 4. Bg2 Bc5 5. e3 Nf6 6. Nge2 d6 7. Bxc6+ bxc6 8. d4 e4 9. dxc5 0-0 10. cxd6 cxd6 11. Bd2 Be6 12. Qa4 Qd7 13. Nd4 c5 14. Qxd7 Bxd7 15. Nc2 Rab8 16. b3 a5 17. Nd5 a4 18. Nxf6+ gxf6 19. b4 Bg4 20. 0-0 Be2 21. Rfc1 Rbd8 22. Na3 d5 23. bxc5 dxc4 24. Nxc4 Bxc4 25. Ba5 Ra8 26. Bb4 Be6 27. a3 Rfd8 28. c6 Rd2 29. Bxd2 Bd5 30. c7 Bb7 31. Rab1 Ba6 32. Rb8+ Rxb8 33. cxb8Q+ Kg7 34. Qb6 Bd3 35. Bc3 Kg6 36. Qxf6+ Kh5 37. Qxf7+ Kg4 38. h3+ Kxh3 39. Qh5# 1-0

[Event "Barcelona Sant Marti op-B 22nd"]
[Site "Barcelona"]
[Date "2022.07.17"]
[Round "5"]
[White "Romero Funieles, Rafael de Jesus"]
[Black "Marzo Ruiz, Xavier"]
[Result "1-0"]
[WhiteElo "1608"]
[BlackElo "1339"]
[PlyCount "57"]
[EventDate "2022.07.13"]
[EventType "swiss"]
[EventRounds "9"]
[EventCountry "ESP"]
[SourceTitle "CBM 210 Extra"]
[Source "ChessBase"]
[SourceDate "2022.11.30"]
[SourceVersion "1"]
[SourceVersionDate "2022.11.30"]
[SourceQuality "1"]

1. e4 g6 2. Nc3 Bg7 3. Nf3 d6 4. Ne2 Nf6 5. c3 Nxe4 6. Qa4+ c6 7. Qxe4 Bf5 8. Qb4 Qc7 9. Ng3 a5 10. Qf4 e5 11. Qe3 Bd7 12. Be2 Na6 13. Bxa6 Rxa6 14. 0-0 h6 15. d4 0-0 16. dxe5 dxe5 17. h3 f5 18. Qe2 c5 19. Qc2 Bc6 20. Ne1 Bd7 21. Bd2 f4 22. Ne4 f3 23. Nxf3 Rxf3 24. gxf3 Bxh3 25. Rfe1 Qf7 26. Re3 Bf5 27. Qd3 h5 28. Qd8+ Kh7 29. Ng5+ 1-0

[Event "La Pobla de Lillet op-B 30th"]
[Site "La Pobla de Lillet"]
[Date "2021.08.02"]
[Round "1"]
[White "Pla Carulla, Joaquim"]
[Black "Marzo Ruiz, Xavier"]
[Result "1-0"]
[WhiteElo "1727"]
[BlackElo "1398"]
[PlyCount "41"]
[EventDate "2021.08.02"]
[EventType "swiss"]
[EventRounds "9"]
[EventCountry "ESP"]
[SourceTitle "EXT 2022"]
[Source "ChessBase"]
[SourceDate "2021.10.06"]
[SourceVersion "1"]
[SourceVersionDate "2021.10.06"]
[SourceQuality "1"]

1. d4 Nf6 2. Nf3 g6 3. Nc3 Bg7 4. Bf4 d6 5. Qd2 e5 6. dxe5 Nh5 7. Bh6 Nc6 8. Bxg7 Nxg7 9. exd6 Bf5 10. e4 Bg4 11. Be2 Qd7 12. Rd1 0-0-0 13. 0-0 Rhe8 14. Qh6 Ne6 15. Nb5 Bxf3 16. gxf3 Ncd4 17. Nxd4 Nxd4 18. Rxd4 c5 19. Rd5 Rxe4 20. fxe4 Re8 21. Qf4 1-0

[Event "Barcelona Sant Marti op-B 20th"]
[Site "Barcelona"]
[Date "2018.07.14"]
[Round "2"]
[White "Marzo Ruiz, Xavier"]
[Black "Subirana Santos, Marc"]
[Result "0-1"]
[WhiteElo "1417"]
[BlackElo "1743"]
[PlyCount "56"]
[EventDate "2018.07.13"]
[EventType "swiss"]
[EventRounds "9"]
[EventCountry "ESP"]
[SourceTitle "EXT 2019"]
[Source "ChessBase"]
[SourceDate "2018.10.10"]
[SourceVersion "1"]
[SourceVersionDate "2018.10.10"]
[SourceQuality "1"]

1. d4 Nf6 2. Bg5 g6 3. Nd2 Bg7 4. e4 d6 5. e5 dxe5 6. dxe5 Nd5 7. f4 h6 8. Bh4 Nxf4 9. Qf3 Ne6 10. Bc4 0-0 11. 0-0-0 c6 12. Nb3 Qc7 13. Bg3 b5 14. Bxb5 cxb5 15. Qxa8 Bb7 16. Qxa7 Nc6 17. Qf2 Nb4 18. Kb1 Ra8 19. a3 Nc6 20. Nf3 b4 21. c3 bxc3 22. bxc3 Na5 23. Nxa5 Rxa5 24. Qb2 Ra6 25. Ka2 Rb6 26. Qc2 Qc4+ 27. Ka1 Rb3 28. Ka2 Rxc3+ 0-1

[Event "Foment Martinenc op-C 18th"]
[Site "Barcelona"]
[Date "2016.06.11"]
[Round "8"]
[White "Martinez Arranz, Nagore"]
[Black "Marzo Ruiz, Xavier"]
[Result "1/2-1/2"]
[WhiteElo "1635"]
[BlackElo "1723"]
[PlyCount "71"]
[EventDate "2016.04.23"]
[EventType "swiss"]
[EventRounds "9"]
[EventCountry "ESP"]
[SourceTitle "EXT 2017"]
[Source "ChessBase"]
[SourceDate "2016.10.25"]
[SourceVersion "1"]
[SourceVersionDate "2016.10.25"]
[SourceQuality "1"]

1. e4 e5 2. Nf3 Nc6 3. d4 exd4 4. Nxd4 Bc5 5. Be3 Qf6 6. c3 Qg6 7. Nd2 Nf6 8. Qc2 d5 9. Nxc6 Bxe3 10. fxe3 bxc6 11. Qa4 Bd7 12. e5 Ng4 13. Qd4 0-0 14. 0-0-0 Qg5 15. Re1 Nxe5 16. g3 Rfe8 17. Qf4 Qg6 18. Nf3 Nxf3 19. Qxf3 Bg4 20. Qf4 Bf5 21. Bg2 Be4 22. Bxe4 Rxe4 23. Qxc7 Qh6 24. Qb7 Rae8 25. Qxa7 Rxe3 26. Rxe3 Qxe3+ 27. Qxe3 Rxe3 28. Kd2 Re4 29. Re1 f5 30. Rxe4 fxe4 31. Ke3 Kf7 32. a4 Ke6 33. a5 Kd6 34. b4 g5 35. g4 h6 36. h3 1/2-1/2